The Red Means I Love You Lyrics - Statistics

General Stats
  • This quiz has been taken 29 times
    26 since last reset
  • The average score is 240 of 304
Answer Stats
Lyrics % Correct
A
93%
a
93%
love
93%
I
93%
love
93%
me
93%
means
93%
red,
93%
red
93%
the
93%
The
93%
you
93%
You
93%
And
87%
and
87%
my
87%
to
87%
are
80%
bleeding,
80%
blood
80%
'Cause
80%
cause
80%
face
80%
feeling
80%
inside
80%
insides
80%
is
80%
matching
80%
on
80%
say
80%
They
80%
too
80%
Unfortunate
80%
what
80%
when
80%
your
80%
you're
80%
You're
80%
I'm
73%
just
73%
of
73%
out
73%
shame,
73%
Tasting
73%
this
73%
way
73%
wonderful
73%
yours
73%
course
67%
down,
67%
down
67%
get
67%
goodness,
67%
head
67%
it's
67%
maniac
67%
manic
67%
reeling
67%
such
67%
turned
67%
what's
67%
yeah,
67%
always
60%
around
60%
I've
60%
panic
60%
see
60%
Unusual
60%
counts
53%
excited
53%
taste,
53%
taste
53%
that
53%
ever
47%
fascination,
47%
heard
47%
mind
47%
never,
47%
Stop
47%
wanna
47%
Well,
47%
comes
40%
leave
40%
lunatic
40%
strange
40%
will
40%
high
33%
rush
33%
Call
27%
dry
27%
pleading,
27%
as
20%
At
20%
behind
20%
infatuation
20%
drops
13%
might,
13%
Run
13%
suits
13%
No matching quizzes found
Score Distribution
Percent of People with Each Score
Percentile by Number Answered
Your Score History
You have not taken this quiz since the last reset